Energías alternas, políticas y equilibrio del carbono atmosférico: hacia el 2056 /

Na minha lista:
Detalhes bibliográficos
Autor principal: Garrido García, Julio
Formato: Texto
Assuntos:
Tags: Adicionar Tag
Sem tags, seja o primeiro a adicionar uma tag!

MARC

LEADER 00000 a a2200000 04500
001 9433
003
040
100 |a Garrido García, Julio  
245 |a Energías alternas, políticas y equilibrio del carbono atmosférico: hacia el 2056 /  |c Julio Garrido García 
650 |a FUENTES ALTERNATIVAS DE ENERGIA  
650 |a POLITICA  
650 |a MEDIO AMBIENTE  
773 |g número 475; páginas 104-121  
999 |c 37827  |d 37827